000 00308nam a22001337a 4500
008 170403b xxu||||| |||| 00| 0 eng d
020 _a015819876
041 _aeng
080 _a574
100 _a9
101 _aSHM
245 _aAUCILIARY MINE VENTITALION MANUAL
_cWORKPLACE SAFETY NORTH
942 _2udc
_cBK
999 _c9455
_d9455